Welcome to the Holygrace Academy Library

Please use search bar below to get started

THE VERY BEST OF (Record no. 4017)

MARC details
000 -LEADER
fixed length control field 00287nam a22001337a 4500
020 ## - INTERNATIONAL STANDARD BOOK NUMBER
ISBN 0-330-48190-8
082 ## - DEWEY DECIMAL CLASSIFICATION NUMBER
Classification number 821
Item number HAR/V
100 ## - MAIN ENTRY--AUTHOR NAME
Personal name HARMER,DAVID
245 ## - TITLE STATEMENT
Title THE VERY BEST OF
260 ## - PUBLICATION, DISTRIBUTION, ETC. (IMPRINT)
Place of publication USA
Name of publisher MACMILLAN CHILDREN'S BOOKS
300 ## - PHYSICAL DESCRIPTION
Number of Pages 90
650 ## - SUBJECT ADDED ENTRY--TOPICAL TERM
Topical Term POEMS
Geographic subdivision USA
942 ## - ADDED ENTRY ELEMENTS (KOHA)
Koha item type Books
Holdings
Withdrawn status Lost status Collection code Home library Current library Shelving location Date acquired Source of acquisition Full call number Accession Number Koha item type
    Non-fiction Main Library Main Library SHELF-16D -ENGLISH GRAMMAR ,POEMS 28/01/2019 PURCHASE 821 HAR/V 10753 Books